书目信息 |
| 题名: |
失衡的天平
|
|
| 作者: | 张小乐 著 | |
| 分册: | ||
| 出版信息: | 沈阳 辽海出版社 2006 |
|
| 页数: | 169页 | |
| 开本: | 19cm | |
| 丛书名: | 中国历史文化丛书 | |
| 单 册: | ||
| 中图分类: | D929.2 | |
| 科图分类: | ||
| 主题词: | 法制史--中国--古代 , 法制史 | |
| 电子资源: | ||
| ISBN: | 7-80638-865-6 | |
| 000 | 00974oam2 2200301 450 | |
| 001 | 012007431129 | |
| 005 | 20070605143138.06 | |
| 010 | @a7-80638-865-6@dCNY720.00(全30册) | |
| 100 | @a20070602d2006 km y0chiy0120 ea | |
| 101 | 0 | @achi |
| 102 | @aCN@b210000 | |
| 105 | @ay z 000zy | |
| 106 | @ar | |
| 200 | 1 | @a失衡的天平@Ashi heng de tian ping@e中国历代法制@f张小乐等著@Fzhang xiao yue deng zhu |
| 205 | @a2版 | |
| 210 | @a沈阳@c辽海出版社@d2006 | |
| 215 | @a169页@d19cm | |
| 225 | 2 | @a中国历史文化丛书 |
| 304 | @a责任者还有:刘召明、黄保亮、武志红 | |
| 330 | @a本书主要内容包括:跨入文明的门槛,神灵笼罩的案台,天命的远去与人事的觉醒,走向法治,集权下法治的兴衰,震荡中的天平等。 | |
| 461 | 0 | @12001 @a中国历史文化丛书 |
| 517 | 1 | @a中国历代法制@Azhong guo li dai fa zhi |
| 606 | 0 | @a法制史@y中国@z古代 |
| 606 | 0 | @a法制史 |
| 690 | @aD929.2@v4 | |
| 701 | 0 | @a张小乐@Azhang xiao yue@4著 |
| 801 | 0 | @aCN@bRULIN@c20070605 |
| 905 | @dD929.2@e303=2@s5 | |
| 失衡的天平:中国历代法制/张小乐等著.-2版.-沈阳:辽海出版社,2006 |
| 169页;19cm.-(中国历史文化丛书) |
| ISBN 7-80638-865-6:CNY720.00(全30册) |
| 本书主要内容包括:跨入文明的门槛,神灵笼罩的案台,天命的远去与人事的觉醒,走向法治,集权下法治的兴衰,震荡中的天平等。 |
| ● |
| 相关链接 |
|
|
|
|
正题名:失衡的天平
索取号:D929.2/303=2
 
预约/预借
| 序号 | 登录号 | 条形码 | 馆藏地/架位号 | 状态 | 备注 |
| 1 | 0582702 | 205827024 | 第一样本阅览室/ [索取号:D929.2/303=2] | 在馆 | |
| 2 | 0582703 | 205827033 | 第一借阅区/ [索取号:D929.2/303=2] | 在馆 | |
| 3 | 0582704 | 205827042 | 第一借阅区/ [索取号:D929.2/303=2] | 在馆 | |
| 4 | 0582705 | 205827051 | 第一借阅区/ [索取号:D929.2/303=2] | 在馆 | |
| 5 | 0582706 | 205827060 | 第一借阅区/ [索取号:D929.2/303=2] | 在馆 |